Responses for Show #1691 - Monday, December 30, 1991

Contestants

[<< previous game]

Judy Irvine, a professor from Shelburne, Vermont

Mark Thompson, a real estate investor from Lexington, Massachusetts

Jim Alverson, a legal assistant from Tustin, California (whose 1-day cash winnings total $9,500)

[next game >>]

Jeopardy! Round responses

THE OLD WEST
COLORS
ABBREVIATIONS
DOGS
MUSICAL INSTRUMENTS
ODDS & ENDS
    $100 6
Butch Cassidy & the Sundance Kid

Jim
    $100 13
blue

Judy
    $100 10
(Jim: What is a nurse?)
(Alex: Be more specific.)
(Jim: Uh, what is a medical nurse?)

a registered nurse

JimJudy
    $100 26
the poodle

Judy
    $100 1
a clarinet

Jim
    $100 15
Macadamia nuts

Jim
    $200 7
Doc Holliday

Jim
    $200 14
black

Jim
    $200 11
a justice of the peace

Jim
    $200 27
(Jim: What are birds?)

rabbits

JimJudy
    $200 2
Stradivarius

Jim
    $200 16
gunpowder

Judy
    $300 8
Annie Oakley

Jim
    $300 23
jade

Judy
    $300 20
the House of Representatives

Jim
    $300 28
a terrier

Judy
    $300 3
Australia

Jim
    $300 17
Korea

Judy
    $400 9
Pat Garrett

Mark
    $400 24
almond

Triple Stumper
    $400 21
abridged

Judy
    $400 29
the Maltese

Jim
    $400 4
the balalaika

Judy
    $400 18
the dromedary

Jim
    $500 12
Bat Masterson

Jim
    $500 25
violet

Judy
    $500 22
health maintenance organization

Jim
    $400 30
(Alex: Pulled that one out of thin air, didn't you, Jim?)
(Jim: Very much so.)
(Alex: But that's all right, it works.)
[ERRATUM: "Darlings'" had a misplaced apostrophe as shown.]

a Newfoundland

Jim
    $500 5
the cello

Jim
    $500 19
Charles II

Mark

Scores at the first commercial break (after clue 15):

Jim Mark Judy
$2,600 $400 $600

Scores at the end of the Jeopardy! Round:

Jim Mark Judy
$4,400 $900 $2,900

Double Jeopardy! Round responses

LATIN AMERICAN HISTORY
ARTISTS
RHODE ISLAND
AUTHORS
ACTORS & ACTRESSES
PLAYING POST OFFICE
    $200 4
Cuba

Mark
    $200 8
the Colossus

Jim
    $200 12
the Democrats

Judy
    $200 19
Mark Twain

Jim
    $200 24
Cary Grant

Judy
    $200 16
the Postmaster General

Judy
    $400 6
Haiti

Judy
    $400 9
Georgia O'Keeffe

Judy
    $400 13
Brown

Jim
    $400 20
Louis L'Amour

Judy
    $400 25
Kevin Kline

Jim
    $400 17
(Judy: Uh, what are postage stamps?)

postcards

JimJudy
    $1,500 7
(Judy: What is Mexico?)

Brazil

Judy
    $600 5
Rousseau

Jim
    $600 14
Providence

Jim
    $600 21
Ken Kesey

Mark
    $600 26
[Alex added "with accent grave" after "Egbert Souse" when reading the clue.]

W.C. Fields

Jim
    $600 18
air mail

Jim
    $800 11
Mexico

Jim
    $1,000 1
(Mark: I have no idea.)

Christo

Mark
    $800 3
the Rhode Island Red

Jim
    $800 2
Johanna Spyri

Triple Stumper
    $800 29
Clint Eastwood

Jim
    $800 27
the Pony Express

Jim
    $1000 23
the Mayas

Jim
    $1000 10
Picasso

Judy
    $1000 15
(Benjamin) Franklin

Jim
    $1000 22
Booth Tarkington

Triple Stumper
    $1000 30
(Alex: Robert John Mills.)

Hayley Mills

Triple Stumper
    $1000 28
RFD (Rural Free Delivery)

Mark

Scores at the end of the Double Jeopardy! Round:

Jim Mark Judy
$13,600 $1,700 $3,800
(lock game)

[wagering suggestions for these scores]

Final Jeopardy! Round responses

NOTORIOUS WOMEN
(Alex: [To Jim] Aimee Semple McPherson?)
(Jim: Oh, well.)
MarkWho was Mata Hari?
$292
JudyWho was Mata Hari
$399
JimWho is Aimee McPherson
$2,900
Mata Hari

Final scores:

Jim Mark Judy
$10,700 $1,992 $4,199
2-day champion: $20,200 3rd place: Marshall Field's Frango mint chocolates + a Nintendo Entertainment System with Super Jeopardy! & Wheel of Fortune + InfoGenius for Nintendo Game Boy 2nd place: Magnavox MovieMaker camcorder with 8:1 power zoom + Magnavox 4-head VHS VCR with on-screen display with 45-function remote control

Game dynamics:

Coryat scores:

Jim Mark Judy
$13,700 $2,700 $5,300
31 R
(including 1 DD),
2 W
5 R,
1 W
(including 1 DD)
18 R,
2 W
(including 1 DD)

Combined Coryat: $21,700

[game clues] [game scores] [suggest correction]

Game tape date: 1991-10-21
The J! Archive is created by fans, for fans. Scraping, republication, monetization, and malicious use prohibited; this site may use cookies and collect identifying information. See terms. The Jeopardy! game show and all elements thereof, including but not limited to copyright and trademark thereto, are the property of Jeopardy Productions, Inc. and are protected under law. This website is not affiliated with, sponsored by, or operated by Jeopardy Productions, Inc. Join the discussion at JBoard.tv.